Complete High school musical lyrics - Breaking Free - Statistiques

Statistiques générales
  • Ce quiz a été pris 229 fois
  • Le résultat moyen est 134 sur 196
Statistiques - réponses
Réponse % Correct
breaking
97%
So
95%
we
95%
We
95%
free
94%
a
93%
flyin
92%
the
91%
can
87%
Can
87%
You
86%
you
86%
in
83%
In
83%
We're
83%
we're
83%
not
82%
Not
82%
That
81%
that
81%
are
80%
see
80%
star
80%
us
80%
who
80%
be
79%
If
79%
There's
78%
can't
75%
reach
75%
trying
75%
world
74%
know
73%
heaven
71%
soarin
71%
different
70%
way
70%
than
68%
between
67%
to
66%
To
66%
me
64%
Oh
61%
space
61%
that's
60%
Yeah
59%
Creatin
55%
feel
55%
it
53%
believe
52%
More
52%
But
48%
but
48%
ocean
48%
is
47%
control
46%
by
44%
Like
44%
And
43%
building
43%
just
43%
very
43%
feeling
41%
This
41%
til
41%
Connected
39%
separate
39%
your
39%
hearts
37%
faith
36%
of
35%
true
35%
wave
35%
together
34%
Until
34%
gives
33%
our
33%
everyone
32%
all
30%
comin
30%
strength
30%
Strength
30%
Both
28%
time
28%
need
27%
place
27%
get
26%
Climbin
25%
hope
25%
want
25%
souls
24%
up
20%
Runnin
18%
fate
16%
Risin
16%
Now's
14%
lifts
13%
Aucun quiz correspondant
Distribution des résultats
% des personnes avec chaque résultat
Percentile par nombre de réponses
Votre historique - résultats
Vous n’avez pas pris ce quiz